000 00391nam a2200169Ia 4500
100 _aEntwistle/K.M
650 _aFinite element method
942 _cBK
366 _f20
654 _afinite element method
245 _aBasic principles of finite element method
260 _bWoodhead pub
_c2001
082 _a620.001515/ENT
_bENT
300 _a183
546 _aENGLISH
999 _c24619
_d24619